| 000 | 00521nam a22002057a 4500 | ||
|---|---|---|---|
| 005 | 20260529131155.0 | ||
| 008 | 260529b |||||||| |||| 00| 0 eng d | ||
| 020 |
_a9789364379298 _c755.00 |
||
| 040 | _aMAIN | ||
| 041 | _aEnglish | ||
| 082 |
_a361.0076 _bSHA |
||
| 100 |
_aSharma, Vivek _918764 |
||
| 245 | _aNTA UGC NET/JRF/SET Social Work | ||
| 260 |
_aMeerut _bArihant |
||
| 300 | _a771 | ||
| 650 | _aCompetitive Books | ||
| 700 |
_aShukla, Tushar _918765 |
||
| 700 |
_aKumar, Raushan _918766 |
||
| 942 | _cBK | ||
| 999 |
_c60914 _d60914 |
||